Management Control in Nonprofit Organizations
Gespeichert in:
| 1. Verfasser: | |
|---|---|
| Weitere Verfasser: | |
| Format: | Buch |
| Sprache: | Englisch |
| Veröffentlicht: |
Homewood
Irwin
1988
|
| Ausgabe: | 4. ed. |
| Schlagworte: | |
| Tags: |
Keine Tags, Fügen Sie das erste Tag hinzu!
|
MARC
| LEADER | 00000nam a2200000 4500 | ||
|---|---|---|---|
| 001 | c003660 | ||
| 005 | 20221206134832.1 | ||
| 020 | |a 0-256-06183-1 | ||
| 041 | 0 | |a eng | |
| 044 | |a US | ||
| 245 | 1 | 0 | |a Management Control in Nonprofit Organizations |c Robert N. Anthony, David W. Young |
| 250 | |a 4. ed. | ||
| 264 | 1 | |a Homewood |b Irwin |c 1988 | |
| 300 | |a 918 s. | ||
| 610 | 2 | 0 | |a riadenie |
| 610 | 2 | 0 | |a kontrola |
| 610 | 2 | 0 | |a organizácie neziskové |
| 610 | 2 | 0 | |a financie |
| 610 | 2 | 0 | |a účtovníctvo |
| 610 | 2 | 0 | |a náklady |
| 610 | 2 | 0 | |a ceny |
| 610 | 2 | 0 | |a štruktúra riadenia |
| 610 | 2 | 0 | |a programovanie |
| 610 | 2 | 0 | |a rozpočtovníctvo |
| 610 | 2 | 0 | |a kontrola finančná |
| 610 | 2 | 0 | |a štúdie prípadové |
| 610 | 2 | 0 | |a manažment |
| 100 | 1 | |a Anthony, Robert N. | |
| 700 | 1 | |a Young, David W. | |